AOTY´s do KPOP - Statistics

Estatísticas Gerais
  • Esse quiz foi jogado 21 vezes
  • A pontuação média é 14 de 20
Estatísticas das Respostas
Hint Resposta % Correto
2021 BTS - BE
95%
2018 BTS - Love Yourself: Tear
95%
2020 BTS - Map of the Soul: 7
95%
2019 BTS - Map of the Soul: Persona
95%
2022 BTS - PROOF
95%
2016 EXO - EX´ACT
90%
2015 EXO - EXODUS
90%
2014 EXO - Overdose
90%
2017 EXO - THE WAR
90%
2013 EXO - XOXO
90%
2023 SEVENTEEN - FML
80%
2024 SEVENTEEN - Seventeen Heaven
80%
2025 Stray Kids - KARMA
80%
2011 Super Junior - Mr. Simple
60%
2012 Super Junior - Sexy, Free & Single
60%
2010 2NE1 - To Anyone
40%
2009 GDRAGON - Heartbreaker
40%
2008 TVXQ - Mirotic
30%
2006 SG Wannabe - The 3rd Masterpiece
10%
2007 Epik High - Remapping the Human Soul
5%
Nenhum quiz correspondente encontrado
Distribuição das Pontuações
Porcentagem de Pessoas com Cada Pontuação
Percentil de Números Respondidos
Sua Pontuação Histórica
Você não jogou esse quiz